000 00550nam a2200181Ia 4500
008 100920s9999 xx 000 0 und d
082 _b38286
_a24 थ 65
100 _aसामंत बाळ.
245 _aनवरा-बायको.
260 _bमॅजेस्टिक बुक स्टॉल, मुबंई.
_c1965
300 _a78
_bसाधी
365 _b3
520 _aसायो.
630 _aनवरा-बायको.
650 _aसायो.
730 _aनवरा-बायको.
942 _cBOOK
999 _c690414
_d690411